Bilecik Bilecik Bilecik Bilecik Bilecik

Azınlıkların ve yabancıların aldığı : (Record no. 50093)

MARC details
000 -BAŞLIK
Sabit Uzunluktaki Kontrol Alanı 01427nam a22003737a 4500
001 - KONTROL NUMARASI
Control Dosyası 0050258
003 - KONTROL NUMARASI KİMLİĞİ
Kontrol Alanı KOHA_MİRAKIL
005 - EN SON İŞLEM TARİHİ ve ZAMANI
Kontrol Alanı 20260207003721.0
007 - FİZİKSEL TANIM SABİT ALAN - GENEL BİLGİ
Sabit uzunluklu kontrol alanı ta
008 - SABİT UZUNLUKTAKİ VERİ ÖGELERİ - GENEL BİLGİ
Sabit Alan 150629b2009 tu |||gr||||#||||0|tur |
020 ## - ISBN - ULUSLARARASI STANDART KİTAP NUMARASI
Isbn 9789752552494
040 ## - KATALOGLAMA KAYNAĞI
Özgün Kataloglama Kurumu TR-BiSEU
Kataloglama Dili tur
Çeviri Kurumu TR-BiSEU
Açıklama Kuralları rda
041 0# - DİL KODU
Metin ya da ses kaydının dil kodu tur
044 ## - YAYINLAYAN/ÜRETEN KURULUŞUN ÜLKE KODU
ISO country code tu
050 ## - SINIFLAMA ve YER NUMARASI
Sınıflama Numarası CS3040
Yer Numarası .A23 2009
100 1# - KİŞİ ADI
Yazar Adı (Kişi adı) Acaroğlu, M. Türker.
245 1# - ESER ADI BİLDİRİMİ
Başlık Azınlıkların ve yabancıların aldığı :
Alt Eseradı vb. Türkçe adlar ve soyadları sözlüğü :
-- Ermeniler, Rumlar, Yahudiler ile yabancılardan yaklaşık 2.000 kişi üzerine yaşamöyküsel ve dilbilimsel bilgiler/
Sorumluluk Bildirimi M. Türker Acaroğlu ; M. Türker Acaroğlu ; editör Deniz Saraç.
264 #1 - ÜRERİM, YAYIN, DAĞITIM ve TELİF BİLDİRİMİ
Yayın yeri İstanbul :
Yayınlayan IQ Kültür Sanat
Yayın tarihi 2009
300 ## - FİZİKSEL TANIMLAMA
Sayfa, Cilt vb. 288 sayfa; 23 cm.
336 ## - İÇERİK TÜRÜ
Content type term metin
Content type code txt
Source rdacontent
337 ## - MEDYA TÜRÜ
Media type term aracısız
Media type code n
Source rdamedia
338 ## - TAŞIYICI TÜRÜ
Carrier type term cilt
Carrier type code nc
Source rdacarrier
490 1# - DİZİ BİLDİRİMİ
Dizi Bildirimi IQ Kültür Sanat yayınları ;
Cilt Numarası 349.
490 1# - DİZİ BİLDİRİMİ
Dizi Bildirimi Araştırma-İnceleme dizisi ;
Cilt Numarası 302.
650 #0 - KONU BAŞLIĞI EK GİRİŞ - KONU TERİMİ
Konusal terim veya coğrafi ad Adlar, Kişi--Türkiye.
9 (RLIN) 92777
650 #0 - KONU BAŞLIĞI EK GİRİŞ - KONU TERİMİ
Konusal terim veya coğrafi ad Names, Personal--Turkey.
9 (RLIN) 36132
650 #0 - KONU BAŞLIĞI EK GİRİŞ - KONU TERİMİ
Konusal terim veya coğrafi ad Adlar, Türk--Etimoloji.
9 (RLIN) 92778
650 #0 - KONU BAŞLIĞI EK GİRİŞ - KONU TERİMİ
Konusal terim veya coğrafi ad Names, Turkish--Etymology.
9 (RLIN) 92779
650 #0 - KONU BAŞLIĞI EK GİRİŞ - KONU TERİMİ
Konusal terim veya coğrafi ad Azınlıklar--Türkiye.
9 (RLIN) 12981
650 #0 - KONU BAŞLIĞI EK GİRİŞ - KONU TERİMİ
Konusal terim veya coğrafi ad Minorities--Turkey
9 (RLIN) 12982
830 1# - SERİ EK GİRİŞİ - TEKBİÇİM ESER ADI
Tekbiçim Başlık IQ Kültür Sanat yayınları ;
Volume number/sequential designation 349.
9 (RLIN) 92780
830 1# - SERİ EK GİRİŞİ - TEKBİÇİM ESER ADI
Tekbiçim Başlık Araştırma-İnceleme dizisi ;
Volume number/sequential designation 302.
9 (RLIN) 14008
942 ## - EK GİRİŞ ÖGELERİ (KOHA)
Source of classification or shelving scheme Library of Congress Classification
Koha item type Book
Holdings
Materyal Türü Kalıcı Konum Mevcut Konum Raf Yeri Koleksiyon Kodu Sınıflandırma Kaynağı Edinim Bilgisi Ana Konular Alt Konular Yer Numarası Demirbaş Numarası Fatura Tarihi Maliyet, Alış Fiyatı Maliyet, Yenileme Fiyatı Geri Çekilme Durumu Kayıp Durumu Hasarlı Durumu Kredi için değil Kayıt Tarih Toplam Ödünçverme Son Görülme Tarihi Son Kontrol Tarihi Satın Alma Notu
Danışma Kaynakları Prof. Dr. Azmi Özcan Kütüphanesi Prof. Dr. Azmi Özcan Kütüphanesi Uluğbey Salonu Referans Library of Congress Classification Satın TARİHE YARDIMCI BİLİMLER Şecere (Soyağacı) CS3040 .A23 2009 0050258 07/07/2015 11.17 11.17       Ödünç verilmez 29/06/2015   05/12/2024 05/12/2024 B-984687 - B-984797